000 00467nam a2200145Ia 4500
003 OSt
005 20260129101309.0
008 211028s2018 xx 000 0 und d
040 _cAIMIT LIBRARY
041 _aeng
100 _aFerrao, Franklin; Kamath, T Ramesh.
_g1616051
_97807
245 _aStudy on consumer buying behavior and satisfaction level at sagar collection declining trand in sales /
260 _aMangalore
_bT Ramesh Kamath.
_c2018
942 _2ddc
_cPRO
999 _c219375
_d219375